000 00806cab a2200241 4500
001 ABS53073
008 090401t1995 xxu||||| |||| 00| 0 eng d
035 _a(Sirsi) u1783
041 _aeng
100 _aKeeping, M.
245 _aHow to dispose of a `problem site` - conferring allowed
260 _c1995
350 _a0
490 _aTown & Country Planning
_v64(5/6) May/June 1995, 148-149(2)
520 _aDiscusses how consultation between the Ministry of Defence, the planning authority and the local community helped resolve the problems posed by the disposal of a contaminated MOD site at Waltham Abbey.
650 _aCONTAMINATED LAND
650 _aLAND DISPOSAL
650 _aPUBLIC CONSULTATIONS
690 _aLAND
700 _aComerford, J.
942 _n0
948 _c04/03/1997
999 _c1028
_d1028